[Event "chess.com SpeedChess Q2Sw"]
[Site "chess.com INT"]
[Date "2022.11.12"]
[Round "5"]
[White "Kollars, Dmitrij"]
[Black "Steinberg, Nitzan"]
[Result "1-0"]
[WhiteTitle "GM"]
[BlackTitle "GM"]
[WhiteElo "2611"]
[BlackElo "2537"]
[WhiteFideId "12909572"]
[BlackFideId "2801795"]
[EventDate "2022.11.12"]

1. e4 g6 2. d4 Bg7 3. Nc3 d6 4. Be3 a6 5. h4 h5 6. Nh3 b5 7. Ng5 Bb7 8. Bd3 Nd7
9. Ne2 c5 10. c3 Ngf6 11. f3 Rc8 12. Qd2 O-O 13. O-O e5 14. d5 c4 15. Bc2 Nc5
16. b4 Na4 17. a3 Qe8 18. Kh1 Nd7 19. Ng1 f6 20. Ne6 Rf7 21. g4 Nf8 22. gxh5
gxh5 23. Nxg7 Rxg7 24. Ne2 Rcc7 25. Rg1 Ng6 26. Bh6 Nb2 27. Bxg7 Rxg7 28. Qh6
Bc8 29. Rg2 Nd3 30. Rag1 Bg4 31. fxg4 Nxh4 32. Qxh5 Qe7 33. Rh2 Nf3 34. Qh8+ Kf7
35. Rh7 Kg6 36. Rxg7+ Qxg7 37. Qh5# 1-0

[Event "chess.com SpeedChess Q2Sw"]
[Site "chess.com INT"]
[Date "2022.11.12"]
[Round "5"]
[White "Sarana, Alexey"]
[Black "Artemiev, Vladislav"]
[Result "0-1"]
[WhiteTitle "GM"]
[BlackTitle "GM"]
[WhiteElo "2668"]
[BlackElo "2701"]
[WhiteFideId "24133795"]
[BlackFideId "24101605"]
[EventDate "2022.11.12"]

1. c4 e5 2. Nc3 Nf6 3. Nf3 Nc6 4. g3 g6 5. Bg2 Bg7 6. d4 exd4 7. Nxd4 O-O 8. O-O
Re8 9. Nc2 d6 10. b3 Bf5 11. Ne3 Ne4 12. Nxe4 Bxe4 13. Bd2 Nd4 14. Rc1 Bxg2 15.
Kxg2 Qe7 16. Bc3 Qe4+ 17. Kg1 h5 18. Bxd4 Bxd4 19. Nd5 h4 20. e3 h3 21. f3 Bxe3+
22. Kh1 Qf5 23. g4 Qe5 24. Re1 Qg5 25. Rxe3 Rxe3 26. f4 Qh6 27. Nxe3 Qxf4 28.
Qe2 Re8 29. Re1 c6 30. Kg1 d5 31. cxd5 cxd5 32. Qf2 Qe4 33. Rd1 d4 0-1

[Event "chess.com SpeedChess Q2Sw"]
[Site "chess.com INT"]
[Date "2022.11.12"]
[Round "5"]
[White "Drygalov, Sergey"]
[Black "Balaji, Aaravamudhan"]
[Result "1-0"]
[WhiteTitle "GM"]
[BlackTitle "CM"]
[WhiteElo "2547"]
[BlackElo "2353"]
[WhiteFideId "24171743"]
[BlackFideId "436224"]
[EventDate "2022.11.12"]

1. d4 e6 2. c4 d5 3. Nf3 Nf6 4. Nc3 Be7 5. g3 O-O 6. Bg2 dxc4 7. Ne5 Nc6 8. Bxc6
bxc6 9. Nxc6 Qe8 10. Nxe7+ Qxe7 11. Qa4 c5 12. dxc5 Qxc5 13. Be3 Qh5 14. f3 Rb8
15. O-O-O a5 16. h4 Rb4 17. Qc6 Bb7 18. Qc5 Nd5 19. Nxd5 Bxd5 20. Bd2 c3 21.
Bxc3 Rc4 22. Qxa5 Rfc8 23. e4 R4c5 24. Qb6 R5c6 25. Qd4 Qh6+ 26. Kb1 Rc4 27. Qd2
Bc6 28. Qxh6 gxh6 29. Rhe1 f5 30. exf5 Bxf3 31. Rd7 Be4+ 32. Rxe4 Rxe4 33. Rg7+
Kf8 34. Rxh7 Rc5 35. fxe6 Rf5 36. Rxh6 Ke7 37. a3 Rf3 38. Rg6 Rxe6 39. Rg5 Ree3
40. g4 Rh3 41. h5 Re2 42. Rg6 Kf7 43. a4 Re4 44. a5 Ra4 45. Rf6+ Ke7 46. Rg6 Rh4
47. Bf6+ 1-0

[Event "chess.com SpeedChess Q2Sw"]
[Site "chess.com INT"]
[Date "2022.11.12"]
[Round "5"]
[White "Kabanova, Ekaterina"]
[Black "Vemparala, Nikash"]
[Result "1-0"]
[WhiteTitle "WFM"]
[BlackTitle "CM"]
[WhiteElo "2088"]
[BlackElo "1976"]
[WhiteFideId "24112917"]
[BlackFideId "30960967"]
[EventDate "2022.11.12"]

1. c4 c6 2. e3 d5 3. Qc2 Nf6 4. a3 e6 5. Nf3 Bd6 6. b4 O-O 7. Bb2 Nbd7 8. h4 h5
9. Ng5 e5 10. Be2 e4 11. d3 exd3 12. Bxd3 Ne5 13. cxd5 cxd5 14. Bh7+ Kh8 15. Bf5
Bxf5 16. Qxf5 Qe7 17. Nc3 g6 18. Qc2 Kg8 19. Rd1 Neg4 20. Nxd5 Nxd5 21. Rxd5
Nxe3 22. fxe3 Qxe3+ 23. Qe2 Bg3+ 24. Kf1 Qf4+ 25. Nf3 Rfe8 26. Re5 Rxe5 27. Qxe5
Qc4+ 28. Qe2 Qb3 29. Rh3 Bf4 30. Ng5 Qd5 31. Rd3 Qf5 32. Kg1 Bxg5 33. hxg5 Qxg5
34. Qe5 Qxe5 35. Bxe5 Re8 36. Bf4 Kg7 37. Rd7 Re1+ 38. Kf2 Ra1 39. Rxb7 Rxa3 40.
Be3 a6 41. Ra7 Kf6 42. b5 a5 43. b6 a4 44. Bc5 Ke6 45. Bxa3 1-0

[Event "chess.com SpeedChess Q2Sw"]
[Site "chess.com INT"]
[Date "2022.11.12"]
[Round "5"]
[White "Vidit, Santosh Gujrathi"]
[Black "Samadov, Read"]
[Result "1-0"]
[WhiteTitle "GM"]
[BlackTitle "FM"]
[WhiteElo "2724"]
[BlackElo "2450"]
[WhiteFideId "5029465"]
[BlackFideId "13417444"]
[EventDate "2022.11.12"]

1. e4 c6 2. Nf3 d5 3. d3 Bg4 4. h3 Bh5 5. g4 Bg6 6. Qe2 e6 7. Bg2 Nd7 8. Nc3 Bb4
9. Bd2 Ne7 10. a3 Bd6 11. Nh4 d4 12. Nd1 Qc7 13. O-O Bh2+ 14. Kh1 Bf4 15. c3 c5
16. cxd4 cxd4 17. Rc1 Nc6 18. b4 a6 19. Nb2 Bxd2 20. Qxd2 Qd8 21. Nf3 Rc8 22.
Nc4 Qe7 23. Qf4 O-O 24. Qd6 b5 25. Qxe7 Nxe7 26. Nd6 Rc6 27. Rxc6 Nxc6 28. Rc1
Nce5 29. Ne1 f5 30. f4 Nf7 31. exf5 Nxd6 32. fxg6 hxg6 33. Rc6 Nc8 34. Rxe6 Kh7
35. Be4 Nf6 36. Bb7 Rd8 37. Nf3 Nd6 38. Ng5+ Kg8 39. Bc6 Kf8 40. Kg2 Nc8 41. Kf3
Nd6 42. Re2 Rc8 43. Ne6+ Ke7 44. Nxd4+ Kf8 45. g5 Ng8 46. Re6 Nf7 47. Be4 Ne7
48. Rxa6 Rd8 49. Ne6+ 1-0

[Event "chess.com SpeedChess Q2Sw"]
[Site "chess.com INT"]
[Date "2022.11.12"]
[Round "5"]
[White "Bochnicka, Vladimir ml."]
[Black "Matamoros Franco, Carlos S."]
[Result "1-0"]
[WhiteTitle "FM"]
[BlackTitle "GM"]
[WhiteElo "2350"]
[BlackElo "2451"]
[WhiteFideId "14943450"]
[BlackFideId "3600017"]
[EventDate "2022.11.12"]

1. e4 e6 2. d4 d5 3. exd5 exd5 4. c4 Bb4+ 5. Nc3 Ne7 6. Bd3 Nbc6 7. Ne2 Bf5 8.
O-O Bxc3 9. bxc3 Bxd3 10. Qxd3 O-O 11. Re1 dxc4 12. Qxc4 a6 13. Ba3 Re8 14. Nf4
b5 15. Qc5 b4 16. Bxb4 Nxb4 17. Qxb4 Qd7 18. Rab1 Nd5 19. Nxd5 Qxd5 20. Qa4 Re6
21. h3 h6 22. Rxe6 Qxe6 23. c4 Rd8 24. d5 Qe4 25. Rd1 Rd6 26. Qb4 Rg6 27. g3 h5
28. Qb8+ Kh7 29. Qxc7 h4 30. Rf1 Qf3 31. g4 Qxh3 32. f3 f5 33. Qh2 fxg4 34. Qxh3
gxh3+ 35. Kh2 Rg2+ 36. Kxh3 Rxa2 37. d6 Rd2 38. c5 Kg8 39. Rc1 Kf7 40. c6 Ke8
41. c7 1-0

[Event "chess.com SpeedChess Q2Sw"]
[Site "chess.com INT"]
[Date "2022.11.12"]
[Round "5"]
[White "Grischuk, Alexander"]
[Black "Jumabayev, Rinat"]
[Result "1/2-1/2"]
[WhiteTitle "GM"]
[BlackTitle "GM"]
[WhiteElo "2745"]
[BlackElo "2620"]
[WhiteFideId "4126025"]
[BlackFideId "13702661"]
[EventDate "2022.11.12"]

1. Nf3 Nf6 2. g3 d5 3. Bg2 c6 4. O-O Bg4 5. h3 Bh5 6. d4 Nbd7 7. c4 e6 8. cxd5
exd5 9. Ne5 Bg6 10. Nc3 Bb4 11. Qb3 Qb6 12. Nxg6 hxg6 13. Rd1 Bd6 14. Qc2 O-O
15. Bf3 Rfe8 16. Kg2 Nf8 17. Bg5 N6h7 18. Bc1 Ne6 19. Qd3 Nhg5 20. Bxg5 Nxg5 21.
h4 Nh7 22. Rab1 a5 23. a3 Qd8 24. b4 axb4 25. axb4 Ra3 26. Qc2 Nf6 27. Rb3 Rxb3
28. Qxb3 b5 29. Na2 Re6 30. Qc2 Bf8 31. Rb1 Qb6 32. e3 Ne8 33. Nc1 Nd6 34. Nd3
Nc4 35. Qc1 Re8 36. Ra1 Qb7 37. Bg4 Ra8 38. Qc3 Rxa1 39. Qxa1 Be7 40. Qa2 Bd6
41. Qa1 Be7 42. Qa2 Bd6 43. Qa1 Be7 1/2-1/2

[Event "chess.com SpeedChess Q2Sw"]
[Site "chess.com INT"]
[Date "2022.11.12"]
[Round "5"]
[White "Samsonkin, Artiom"]
[Black "Postnikov, Daniil"]
[Result "1-0"]
[WhiteTitle "IM"]
[BlackTitle "FM"]
[WhiteElo "2421"]
[BlackElo "2360"]
[WhiteFideId "13503111"]
[BlackFideId "4166329"]
[EventDate "2022.11.12"]

1. e4 e6 2. d4 d5 3. Nc3 Bb4 4. Ne2 dxe4 5. a3 Be7 6. Nxe4 Nf6 7. Nxf6+ Bxf6 8.
Be3 Nd7 9. Qd2 b6 10. O-O-O Bb7 11. Nf4 Qe7 12. Be2 O-O-O 13. Bf3 Bxf3 14. gxf3
Kb8 15. Qe2 Qd6 16. Kb1 Rhe8 17. c4 e5 18. c5 Qe7 19. Nd5 Qe6 20. dxe5 Nxe5 21.
Nb4 Rxd1+ 22. Rxd1 Qc4 23. Qd2 Rd8 24. Qe1 Rxd1+ 25. Qxd1 Kb7 26. f4 Nc6 27. Qf3
Qb5 28. cxb6 axb6 29. Bc1 g6 30. h3 Bg7 31. Ka1 Qa4 32. Kb1 Qb5 33. h4 h5 34.
Bd2 Bf6 35. Bc3 Bxc3 36. bxc3 Qc4 37. Kb2 Qc5 38. f5 b5 39. fxg6 fxg6 40. Qf6
Ne5 41. Qa6+ Kb8 42. f4 Nc4+ 43. Kb3 Nb6 44. Kc2 Qc4 45. a4 Qb3+ 46. Kd3 Qxa4
47. Nc6# 1-0

[Event "chess.com SpeedChess Q2Sw"]
[Site "chess.com INT"]
[Date "2022.11.12"]
[Round "5"]
[White "Kazakov, Mikhail"]
[Black "Grycel, Kamil"]
[Result "1-0"]
[WhiteTitle "GM"]
[BlackTitle "FM"]
[WhiteElo "2513"]
[BlackElo "2315"]
[WhiteFideId "14102749"]
[BlackFideId "1115499"]
[EventDate "2022.11.12"]

1. d4 Nf6 2. c4 Nc6 3. Nf3 e6 4. Nc3 Bb4 5. e3 d6 6. Bd2 O-O 7. a3 Bxc3 8. Bxc3
Qe7 9. Be2 e5 10. O-O Bg4 11. Re1 Rfe8 12. d5 Nb8 13. Nd2 Bxe2 14. Qxe2 a5 15.
e4 a4 16. Nf1 Nbd7 17. Ng3 g6 18. Bd2 Qf8 19. f3 Nc5 20. Be3 Nfd7 21. Rad1 f5
22. exf5 gxf5 23. Bf2 Qf7 24. Qd2 f4 25. Ne4 Nxe4 26. Rxe4 Nc5 27. Bxc5 dxc5 28.
Rde1 Qf6 29. Qc3 Ra6 30. Rxe5 Rxe5 31. Rxe5 Kf7 32. Qe1 Rb6 33. Qe4 Kg7 34. h3
Rxb2 35. Re7+ Kf8 36. Rxc7 Qd4+ 37. Qxd4 cxd4 38. d6 Ke8 39. Kf1 d3 40. Ke1 Rxg2
41. Rxb7 Re2+ 42. Kd1 Rc2 43. Rc7 Kd8 44. c5 Rc3 45. c6 Rb3 46. Rxh7 Rxa3 47.
Rh8# 1-0

[Event "chess.com SpeedChess Q2Sw"]
[Site "chess.com INT"]
[Date "2022.11.12"]
[Round "5"]
[White "Sipahioglu, Irmak"]
[Black "Zhu, Jiner"]
[Result "0-1"]
[BlackTitle "WGM"]
[WhiteElo "2041"]
[BlackElo "2486"]
[WhiteFideId "6307205"]
[BlackFideId "8608059"]
[EventDate "2022.11.12"]

1. d4 Nf6 2. c4 e6 3. Nc3 Bb4 4. Qc2 O-O 5. a3 Bxc3+ 6. Qxc3 d5 7. Bg5 dxc4 8.
Qxc4 b6 9. Nf3 Ba6 10. Qc1 h6 11. Bf4 Nbd7 12. Qxc7 Qxc7 13. Bxc7 Rfc8 14. Bd6
Rc2 15. Ne5 Rac8 16. Nxd7 Nxd7 17. Rb1 Nf6 18. f3 Nd5 19. Bg3 Ne3 20. Kf2 Nxf1
21. Rhxf1 Rxe2+ 22. Kg1 Rd2 23. Rfd1 Rcc2 24. Rxd2 Rxd2 25. Bf2 Bd3 26. Rc1 Rxb2
27. h4 h5 28. Rc8+ Kh7 29. Rc7 a5 30. Rxf7 Rb3 31. d5 exd5 32. Rb7 b5 33. Bd4
Rxa3 34. Rxg7+ Kh6 35. Rd7 Bf5 36. Rd6+ Kh7 37. Rxd5 Bd3 38. Rd7+ Kg8 39. Rb7 b4
40. g4 hxg4 41. fxg4 Be4 42. Rb8+ Kf7 43. Kf2 Rf3+ 44. Ke2 Rh3 45. Rb7+ Bxb7 0-1

[Event "chess.com SpeedChess Q2Sw"]
[Site "chess.com INT"]
[Date "2022.11.12"]
[Round "5"]
[White "Ezat, Mohamed"]
[Black "Aditya, Mittal"]
[Result "1-0"]
[WhiteTitle "IM"]
[BlackTitle "IM"]
[WhiteElo "2404"]
[BlackElo "2486"]
[WhiteFideId "10600906"]
[BlackFideId "35042025"]
[EventDate "2022.11.12"]

1. d4 Nf6 2. c4 e6 3. Nc3 Bb4 4. e3 O-O 5. a3 Bxc3+ 6. bxc3 d6 7. Bd3 e5 8. f3
e4 9. fxe4 Nxe4 10. Ne2 Bf5 11. O-O Bg6 12. Nf4 Nxc3 13. Qc2 Bxd3 14. Qxd3 Na4
15. e4 Nd7 16. Nh5 Qh4 17. Ng3 g6 18. Ra2 Rae8 19. Raf2 c5 20. Bf4 Qe7 21. Bh6
cxd4 22. Nf5 Qxe4 23. Qxe4 Rxe4 24. Nxd6 Re6 25. Bxf8 Nxf8 26. Nxf7 Nd7 27. Ng5
Re7 28. Rf7 Rxf7 29. Rxf7 Nac5 30. Re7 Kf8 31. Rxh7 Ne5 32. Nf3 d3 33. Nxe5 d2
34. Rf7+ Ke8 35. Rf1 Ne4 36. Nf3 1-0

[Event "chess.com SpeedChess Q2Sw"]
[Site "chess.com INT"]
[Date "2022.11.12"]
[Round "5"]
[White "Talibov, Shiroghlan"]
[Black "Kamsky, Gata"]
[Result "0-1"]
[WhiteTitle "FM"]
[BlackTitle "GM"]
[WhiteElo "2316"]
[BlackElo "2666"]
[WhiteFideId "13429078"]
[BlackFideId "2000024"]
[EventDate "2022.11.12"]

1. e4 c5 2. Nf3 e6 3. d4 cxd4 4. Nxd4 a6 5. Bd3 Bc5 6. Nb3 Ba7 7. Qe2 d6 8. Nc3
Nf6 9. Be3 Bxe3 10. Qxe3 e5 11. O-O Be6 12. f4 Nbd7 13. Kh1 Qb6 14. Qxb6 Nxb6
15. fxe5 dxe5 16. Nc5 Bc8 17. Rae1 Ke7 18. a4 a5 19. Bb5 Rd8 20. Nd3 Kd6 21. Rd1
Be6 22. h3 h5 23. Rfe1 Rac8 24. Nf4+ Ke7 25. Nfd5+ Nbxd5 26. exd5 Nxd5 27. Nxd5+
Rxd5 28. Rxd5 Bxd5 29. Rxe5+ Kd6 30. Re2 h4 31. Kg1 f5 32. Kf2 Be4 33. Rd2+ Ke5
34. c3 g5 35. Rd7 Kf4 36. Bd3 b6 37. Bxe4 Kxe4 38. Rd4+ Ke5 39. Ke3 Rc5 40. Rd7
Rc4 41. Re7+ Kd5 42. Rd7+ Kc6 43. Rf7 f4+ 44. Kf3 Rxa4 45. Kg4 Ra2 46. b4 Rxg2+
47. Kh5 a4 0-1

[Event "chess.com SpeedChess Q2Sw"]
[Site "chess.com INT"]
[Date "2022.11.12"]
[Round "5"]
[White "Martinez Alcantara, Jose Eduardo"]
[Black "Ivic, Velimir"]
[Result "1-0"]
[WhiteTitle "GM"]
[BlackTitle "GM"]
[WhiteElo "2597"]
[BlackElo "2560"]
[WhiteFideId "3805662"]
[BlackFideId "950122"]
[EventDate "2022.11.12"]

1. e4 c5 2. Nf3 Nc6 3. c3 Nf6 4. Bd3 d5 5. e5 c4 6. Bc2 Nd7 7. e6 fxe6 8. b3 e5
9. bxc4 e6 10. cxd5 exd5 11. O-O Bd6 12. d3 O-O 13. Bb3 Nb6 14. Be3 Ne7 15. h3
Kh8 16. Re1 Be6 17. Bg5 Qc7 18. Nbd2 Ng6 19. c4 e4 20. dxe4 dxc4 21. Rc1 Ba3 22.
Rc2 Qf7 23. Be3 cxb3 24. axb3 h6 25. Qa1 Bb4 26. Bxh6 Qf6 27. Be3 Qxa1 28. Rxa1
Bd6 29. Nd4 Bd7 30. Rca2 Be5 31. N2f3 Bf6 32. Rxa7 Rxa7 33. Rxa7 Bc8 34. Nb5 Nd7
35. Nd6 Nde5 36. Nd4 Bd7 37. Rxb7 Ra8 38. f4 Ra1+ 39. Kh2 Nd3 40. Rxd7 Ndxf4 41.
Nf3 1-0

[Event "chess.com SpeedChess Q2Sw"]
[Site "chess.com INT"]
[Date "2022.11.12"]
[Round "5"]
[White "Goroshkov, Maksym"]
[Black "Sellitti, Federico"]
[Result "0-1"]
[WhiteTitle "FM"]
[WhiteElo "2261"]
[BlackElo "2176"]
[WhiteFideId "14142716"]
[BlackFideId "821829"]
[EventDate "2022.11.12"]

1. e4 c5 2. d4 cxd4 3. c3 Nf6 4. e5 Nd5 5. Bc4 e6 6. cxd4 Nc6 7. Nf3 d6 8. O-O
Be7 9. Nc3 Nxc3 10. bxc3 dxe5 11. dxe5 Qxd1 12. Rxd1 Bd7 13. Bg5 Bxg5 14. Nxg5
Nxe5 15. Be2 h6 16. Ne4 Bc6 17. Nd6+ Ke7 18. f4 Ng6 19. f5 Nf4 20. Bf3 Bxf3 21.
gxf3 Ne2+ 22. Kf2 Nxc3 23. Rd3 Rhd8 24. Rxc3 Rxd6 25. Rg1 Kf6 26. fxe6 Rxe6 27.
Rc7 b6 28. Rd1 a5 29. Rdd7 Rf8 30. a4 Kg6 31. h4 Rf6 32. Kg3 Re8 33. h5+ Kxh5
34. Rxf7 Rxf7 35. Rxf7 Kg6 36. Rb7 Re6 37. Rd7 h5 38. Rd5 Kh6 39. f4 g6 40. Rb5
Re3+ 41. Kg2 Re4 42. Kf3 Rb4 43. Rd5 Rxa4 44. Rd8 Rb4 45. Rd7 a4 46. Ra7 Rb3+
47. Ke4 a3 48. Ke5 h4 49. Ra8 Kg7 50. Ra7+ Kh6 51. Ra8 Kh5 52. f5 gxf5 53. Kxf5
Rf3+ 54. Ke4 Rb3 55. Kf5 Rb5+ 56. Kf4 Ra5 57. Rh8+ Kg6 58. Rxh4 a2 59. Rh1 a1=Q
60. Rxa1 Rxa1 61. Ke5 Re1+ 62. Kd5 Kf5 63. Kc4 Re5 64. Kb4 Ke6 65. Kc4 Kd6 66.
Kb4 Rc5 67. Ka4 Kc6 68. Kb4 Rd5 69. Kc4 b5+ 70. Kb4 Rd4+ 71. Kc3 Kc5 72. Kb3 Rc4
73. Ka3 Rb4 74. Ka2 Kc4 75. Ka3 Kc3 76. Ka2 Kc2 77. Ka3 Rc4 78. Ka2 Ra4# 0-1

[Event "chess.com SpeedChess Q2Sw"]
[Site "chess.com INT"]
[Date "2022.11.12"]
[Round "5"]
[White "Stoyanov, Tsvetan"]
[Black "Peyrer, Konstantin"]
[Result "0-1"]
[WhiteTitle "IM"]
[BlackTitle "FM"]
[WhiteElo "2456"]
[BlackElo "2393"]
[WhiteFideId "2917173"]
[BlackFideId "1640879"]
[EventDate "2022.11.12"]

1. e4 e6 2. d4 d5 3. Nd2 c5 4. Ngf3 cxd4 5. Nxd4 Ne7 6. Bb5+ Nbc6 7. Nxc6 bxc6
8. Bd3 Ng6 9. Nf3 Bd6 10. O-O O-O 11. c4 dxe4 12. Bxe4 Qc7 13. Qa4 Bd7 14. Rd1
f5 15. Bc2 c5 16. Qa3 Bc6 17. Ng5 Rae8 18. Qh3 h6 19. Nf3 Nf4 20. Bxf4 Bxf4 21.
Nh4 Bg5 22. Re1 Bf6 23. Rab1 Bd4 24. Nf3 Bxf3 25. Qxf3 e5 26. Qd5+ Kh8 27. Re2
e4 28. Ba4 Re5 29. Qc6 Qe7 30. Rd1 f4 31. Rde1 e3 32. f3 Qh4 33. Qg6 Rh5 34. h3
Rg5 35. Qe6 Re5 36. Qg6 Qf2+ 37. Kh1 Rf6 38. Qc2 Qg3 39. Bc6 g5 40. Be4 g4 41.
Qb3 gxh3 42. Qb8+ Kg7 43. gxh3 Rf8 44. Qc7+ Rf7 45. Qd6 Rg5 46. Rh2 Qxe1# 0-1

[Event "chess.com SpeedChess Q2Sw"]
[Site "chess.com INT"]
[Date "2022.11.12"]
[Round "5"]
[White "Filgueira, Hernan"]
[Black "Sanchez, Robert"]
[Result "1-0"]
[WhiteTitle "IM"]
[WhiteElo "2283"]
[BlackElo "1971"]
[WhiteFideId "101770"]
[BlackFideId "2034360"]
[EventDate "2022.11.12"]

1. e4 e6 2. d3 c5 3. Nf3 d6 4. g3 Nc6 5. Bg2 g6 6. O-O Bg7 7. c3 e5 8. a3 a5 9.
a4 Nge7 10. Na3 O-O 11. Nb5 h6 12. d4 cxd4 13. cxd4 Bg4 14. Be3 d5 15. h3 Be6
16. Nxe5 Nxe5 17. dxe5 dxe4 18. Bc5 Bd7 19. Bxe4 Bxb5 20. axb5 Qc7 21. Qd6 Qxd6
22. Bxd6 Rfe8 23. Bxb7 Rad8 24. Rxa5 Nf5 25. Bc6 Re6 26. Bc7 Rc8 27. Ra7 Bxe5
28. Bxe5 Rxe5 29. Bg2 Rxb5 30. Rb1 Rc2 31. b4 Rc4 32. Ra4 Rc2 33. Bf1 Rb6 34. b5
Nd6 35. Ra6 Nc8 36. Ra8 Kg7 37. Bg2 Nd6 38. Bf1 Rc5 39. Ra6 Nc8 40. Rxb6 Nxb6
41. Rd1 Kf6 42. Rd6+ Ke5 43. Rxb6 Rc1 44. Rc6 f5 45. Rxc1 1-0

[Event "chess.com SpeedChess Q2Sw"]
[Site "chess.com INT"]
[Date "2022.11.12"]
[Round "5"]
[White "Aumann, Welf"]
[Black "Parkhov, Yair"]
[Result "0-1"]
[WhiteTitle "FM"]
[BlackTitle "IM"]
[WhiteElo "2316"]
[BlackElo "2470"]
[WhiteFideId "4634071"]
[BlackFideId "2813408"]
[EventDate "2022.11.12"]

1. c4 e5 2. Nc3 Nf6 3. Nf3 Nc6 4. a3 h6 5. e3 e4 6. Nd4 Nxd4 7. exd4 d5 8. d3
exd3 9. Bxd3 dxc4 10. Bxc4 Bd6 11. Qe2+ Qe7 12. Qxe7+ Bxe7 13. O-O O-O 14. Bf4
c6 15. Rfe1 Re8 16. d5 Bd7 17. h3 Bf8 18. Rad1 a6 19. Kf1 c5 20. Be5 Nh7 21. d6
b5 22. Bd5 Rab8 23. b4 cxb4 24. axb4 Rbc8 25. Rc1 g5 26. f4 Bg7 27. Bxg7 Kxg7
28. fxg5 hxg5 29. Ne4 Nf6 30. Nxf6 Kxf6 31. Rc7 Rxe1+ 32. Kxe1 Rxc7 33. dxc7 Bc8
34. Ke2 Ke7 35. Ke3 f6 36. Kd4 Kd6 37. Be4 Kxc7 38. Kc5 f5 39. Bf3 g4 40. hxg4
fxg4 41. Bd5 g3 42. Bc6 Bb7 43. Bxb7 Kxb7 44. Kd4 Kb6 45. Ke3 a5 46. bxa5+ Kxa5
47. Kf3 b4 48. Kxg3 b3 49. Kf3 b2 0-1

[Event "chess.com SpeedChess Q2Sw"]
[Site "chess.com INT"]
[Date "2022.11.12"]
[Round "5"]
[White "Crevatin, Leo"]
[Black "Gabrielian, Artur"]
[Result "0-1"]
[WhiteTitle "FM"]
[BlackTitle "GM"]
[WhiteElo "2301"]
[BlackElo "2460"]
[WhiteFideId "1726307"]
[BlackFideId "4131002"]
[EventDate "2022.11.12"]

1. d4 Nf6 2. c4 c5 3. d5 e6 4. Nc3 exd5 5. cxd5 d6 6. e4 g6 7. Bd3 Bg7 8. h3 O-O
9. Nf3 Nbd7 10. O-O Re8 11. Re1 Ne5 12. Nxe5 Rxe5 13. a4 Nh5 14. Be2 Qh4 15. Bg4
Nf6 16. Bxc8 Rxc8 17. Qf3 g5 18. Kh2 Rce8 19. g3 g4 20. gxh4 gxf3 21. Bf4 Nh5
22. Bxe5 Bxe5+ 23. Kh1 Bd4 24. Rg1+ Kf8 25. Raf1 a6 26. Rg5 Nf4 27. Rf5 Nd3 28.
Rxf3 Nxb2 29. Rb1 Nc4 30. Rxb7 Ne5 31. Rg3 Bxf2 32. Rg2 Bxh4 33. Ne2 Ng6 34. Rg4
h5 35. Rxg6 fxg6 36. Nf4 Rxe4 37. Ne6+ Ke8 38. Ng7+ Kd8 39. Ne6+ Kc8 40. Rc7+
Kb8 41. Rc6 Bg3 42. a5 Rb4 43. Rxa6 Rb2 44. Rc6 Ka7 45. a6 Rb6 46. Rc7+ Kxa6 47.
Rg7 h4 48. Rxg6 c4 49. Rg4 Kb5 50. Nc7+ Kb4 0-1

[Event "chess.com SpeedChess Q2Sw"]
[Site "chess.com INT"]
[Date "2022.11.12"]
[Round "5"]
[White "Tokhirjonova, Gulrukhbegim"]
[Black "Baskakov, Egor"]
[Result "0-1"]
[WhiteTitle "WGM"]
[BlackTitle "CM"]
[WhiteElo "2328"]
[BlackElo "2215"]
[WhiteFideId "14203626"]
[BlackFideId "24197866"]
[EventDate "2022.11.12"]

1. e4 c5 2. Nf3 Nf6 3. Nc3 d5 4. e5 Ne4 5. Bb5+ Nc6 6. O-O Bg4 7. h3 Nxc3 8.
dxc3 Bxf3 9. Qxf3 a6 10. Bxc6+ bxc6 11. e6 fxe6 12. Re1 Qd7 13. Bf4 g6 14. Be5
Rg8 15. Qe3 c4 16. b3 cxb3 17. axb3 Bg7 18. c4 Kf7 19. Qf4+ Bf6 20. g4 Kg7 21.
g5 Bxe5 22. Qxe5+ Kf7 23. Re3 Rgf8 24. Rae1 dxc4 25. bxc4 a5 26. Qg3 Kg8 27.
Rxe6 Rf7 28. Qg4 Qd2 29. R1e2 Qf4 30. Qg2 Qxc4 31. Rxe7 Rxe7 32. Rxe7 a4 33. Qg3
Qc5 34. Qc7 Qxg5+ 35. Kf1 Qh4 36. Qd7 Rf8 37. Qe6+ Kh8 38. Qe5+ Qf6 39. Qxf6+
Rxf6 40. Ra7 Rf4 41. Ke2 Rc4 42. Kd3 Rh4 43. Ke2 h5 44. f3 Kg8 45. Ke3 Rc4 46.
Kd3 Rh4 47. Ke3 c5 48. Kf2 Rc4 49. Kg3 h4+ 50. Kf2 Rxc2+ 51. Ke3 Rc4 52. f4 Rb4
53. Kf3 c4 54. Kg4 c3 55. Kg5 Rc4 0-1

[Event "chess.com SpeedChess Q2Sw"]
[Site "chess.com INT"]
[Date "2022.11.12"]
[Round "5"]
[White "Eynullayev, Atilla"]
[Black "Klukin, Kirill"]
[Result "0-1"]
[WhiteTitle "FM"]
[BlackTitle "IM"]
[WhiteElo "2281"]
[BlackElo "2390"]
[WhiteFideId "13413570"]
[BlackFideId "24199273"]
[EventDate "2022.11.12"]

1. d4 d5 2. c4 e6 3. Nc3 a6 4. cxd5 exd5 5. Bf4 c6 6. e3 Bd6 7. Be5 Bxe5 8. dxe5
Nd7 9. Nf3 Qe7 10. Qd4 Nh6 11. Bd3 Nc5 12. Bc2 Bf5 13. O-O-O Bxc2 14. Kxc2 Nf5
15. Qg4 g6 16. Qb4 a5 17. Qg4 O-O 18. h4 h5 19. Qg5 Qxg5 20. hxg5 Rfe8 21. Ne2
Rad8 22. Ned4 Ng7 23. Rh4 Nd7 24. Nb3 b6 25. Nfd4 Nxe5 26. Kb1 a4 27. Nc1 b5 28.
Rhh1 Ne6 29. Nc2 Nc4 30. Rhe1 Nc5 31. f3 Ne5 32. Nd4 Ne6 33. Nde2 Nc4 34. e4
dxe4 35. Rxd8 Rxd8 36. fxe4 Nxg5 37. Nc3 Nd2+ 38. Kc2 Nc4 39. N3e2 Ne6 40. Nd3
Nd4+ 41. Nxd4 Rxd4 42. Kc3 Rd8 43. Nc5 Nd6 44. e5 Nf5 45. e6 Re8 46. Kb4 fxe6
47. Rxe6 Rxe6 48. Nxe6 Kf7 49. Kc5 Kxe6 50. Kxc6 b4 51. Kb5 b3 52. a3 Ne3 53.
Kxa4 Nxg2 54. Kxb3 h4 55. a4 h3 56. a5 h2 57. a6 h1=Q 58. a7 Nf4 59. a8=Q Qxa8 0-1

[Event "chess.com SpeedChess Q2Sw"]
[Site "chess.com INT"]
[Date "2022.11.12"]
[Round "5"]
[White "Korchmar, Vasiliy"]
[Black "Vokhidov, Shamsiddin"]
[Result "1/2-1/2"]
[WhiteTitle "IM"]
[BlackTitle "GM"]
[WhiteElo "2438"]
[BlackElo "2568"]
[WhiteFideId "24131750"]
[BlackFideId "14204223"]
[EventDate "2022.11.12"]

1. e4 c5 2. Nf3 d6 3. d4 cxd4 4. Nxd4 Nf6 5. Nc3 Nc6 6. Bb5 Bd7 7. Bg5 Qb6 8.
Bxf6 gxf6 9. Nf5 O-O-O 10. O-O d5 11. Bxc6 bxc6 12. Qf3 e6 13. Ng3 f5 14. exf5
e5 15. Na4 Qa5 16. b3 h5 17. h4 Bd6 18. c4 e4 19. Qe3 Kb8 20. cxd5 cxd5 21. Rac1
Rc8 22. Qd4 Bxa4 23. bxa4 Rxc1 24. Rxc1 Rd8 25. Rb1+ Kc8 26. Nxh5 Qc7 27. Qd2
Bc5 28. Rc1 Rd6 29. Nf4 Rc6 30. h5 Bxf2+ 31. Kxf2 Rxc1 32. Nxd5 Rc2 33. Nxc7
Rxd2+ 34. Ke3 Rxg2 35. Ne8 Kd7 36. Nf6+ Ke7 37. Nxe4 Rxa2 38. h6 Rh2 39. f6+ Kf8
40. Nd6 Rxh6 41. Ne4 Rh5 42. Kd4 Ra5 43. Nc5 Kg8 44. Kc4 Kh7 45. Kb4 Rxc5 46.
Kxc5 Kg6 47. Kc6 Kxf6 48. Kb7 Ke7 49. Kxa7 f5 50. Kb7 f4 51. a5 f3 52. a6 f2 53.
a7 f1=Q 54. a8=Q Qf3+ 55. Kb8 Qxa8+ 56. Kxa8 1/2-1/2